| 000 | 01577nam0a22003011 4500 | ||
|---|---|---|---|
| 001 | rc\2927494 | ||
| 005 | 20110817153034.7 | ||
| 035 | _a(NLR Aleph) 007077195 | ||
| 090 |
_a6439973 _c6439973 |
||
| 100 | _a20110817d1938 |||y0rusy50 ca | ||
| 101 | 0 |
_arus _asah |
|
| 102 | _aRU | ||
| 105 | _aa z ||||| | ||
| 200 | 1 |
_aПрошлое якутов до прихода русских на Лену _e(По преданиям якутов бывшего Якутского округа) _fС.И. Боло |
|
| 210 |
_aМосква _aЯкутск _cЯкут. гос. изд-во _d1938 _eМосква _g17-я фаб. нац. книги ОГИЗ'а РСФСР треста "Полиграфкнига" |
||
| 215 |
_a227, [2] с., 11 л. табл. отд. сброш. _cил., табл. _d25 см |
||
| 225 | 1 |
_aСборник трудов Научно-Исследовательского института языка и культуры при СНК ЯАССР _fПод ред. П.А. Ойунского _vВып. 4. Июль-август 1936 г. |
|
| 300 | _aТит. л. на рус. и якут. яз. | ||
| 300 | _aПредисл. на рус. яз. | ||
| 300 | _aТекст на якут. яз. | ||
| 320 | _aБиблиогр. на рус. яз.: Указатель литературы о преданиях якутов (с. 226-27) | ||
| 700 | 1 |
_aБоло _bС. И. _f1905-1947 _gСэсэн Иванович |
|
| 702 | 1 |
_aОйунский _bП. А. _4340 |
|
| 801 | 0 |
_aRU _bNLR _gpsbo |
|
| 801 | 1 |
_aRU _bELAR _2rusmarc |
|
| 852 |
_aNLR _j37-19/141(4) |
||
| 942 | _cBOOK | ||
| 980 | _aNB | ||